000 00390nam a2200193Ia 4500
003 IT-RoPAU
008 120407s9999 xx 000 0 und d
040 _aIT-RoPAU
040 _cIT-RoPAU
041 _aita
100 _aVitaliano Brancati
245 _aIl bell’Antonio.
260 _aBompiani
260 _c1971
300 _c cm
490 _v1
942 _cBK
999 _c23014
_d23014